[Event "Mittelrhein Verbandsliga-N 18/19"]
[Site "Nordrheinwestfalen"]
[Date "2018.11.18"]
[Round "4.5"]
[White "Rosen, Daniel"]
[Black "Udelhofen, Willi"]
[Result "1/2-1/2"]
[WhiteElo "1796"]
[BlackElo "1870"]
[PlyCount "38"]
[EventDate "2018.09.02"]
[EventType "team-tourn"]
[EventRounds "12"]
[EventCountry "GER"]
[SourceTitle "EXT 2022"]
[Source "ChessBase"]
[SourceDate "2021.10.06"]
[SourceVersion "1"]
[SourceVersionDate "2021.10.06"]
[SourceQuality "1"]
[WhiteTeam "Rheinpark BSG"]
[BlackTeam "Eikamp ISVFB"]
[WhiteTeamCountry "GER"]
[BlackTeamCountry "GER"]

1. Nf3 Nf6 2. g3 g6 3. Bg2 Bg7 4. d3 d5 5. 0-0 0-0 6. Nbd2 Nbd7 7. e4 dxe4 8. dxe4 e5 9. b3 Re8 10. Bb2 c6 11. Qe2 Qc7 12. Rad1 b5 13. h3 a5 14. Ne1 Ba6 15. Nd3 b4 16. Qe3 c5 17. c4 bxc3 18. Bxc3 a4 19. Rfe1 axb3 1/2-1/2

[Event "Mittelrhein Verbandsliga-N 18/19"]
[Site "Nordrheinwestfalen"]
[Date "2018.09.30"]
[Round "2.6"]
[White "Sewald, Richard"]
[Black "Rosen, Daniel"]
[Result "1-0"]
[WhiteElo "1752"]
[BlackElo "1796"]
[PlyCount "73"]
[EventDate "2018.09.02"]
[EventType "team-tourn"]
[EventRounds "12"]
[EventCountry "GER"]
[SourceTitle "EXT 2022"]
[Source "ChessBase"]
[SourceDate "2021.10.06"]
[SourceVersion "1"]
[SourceVersionDate "2021.10.06"]
[SourceQuality "1"]
[WhiteTeam "Porz SG III"]
[BlackTeam "Rheinpark BSG"]
[WhiteTeamCountry "GER"]
[BlackTeamCountry "GER"]

1. Nf3 Nf6 2. g3 g6 3. Bg2 Bg7 4. d3 d6 5. Nbd2 Nbd7 6. e4 e5 7. 0-0 0-0 8. Qe1 Nc5 9. Nh4 Ne6 10. Nb3 a5 11. a4 c6 12. f4 exf4 13. gxf4 Ne8 14. f5 Nd4 15. Nxd4 Bxd4+ 16. Kh1 Bf6 17. Nf3 gxf5 18. e5 dxe5 19. Qg3+ Kh8 20. Nxe5 Be6 21. Bf4 Rg8 22. Qe3 Bg5 23. Nf3 Bf6 24. Be5 Rg6 25. Nh4 Rg4 26. Nxf5 Ng7 27. Bxf6 Qxf6 28. Nh6 Qg6 29. Nxg4 Qxg4 30. Rf4 Qg5 31. Re4 Qg6 32. Qg3 Qh6 33. Qf4 Qg6 34. Rg1 Re8 35. Bf3 Nh5 36. Bxh5 Qxh5 37. Qf6# 1-0

[Event "Mittelrhein Verbandsliga-N 18/19"]
[Site "Nordrheinwestfalen"]
[Date "2018.09.02"]
[Round "1.6"]
[White "Gelsok, Philipp"]
[Black "Rosen, Daniel"]
[Result "1-0"]
[WhiteElo "1946"]
[BlackElo "1796"]
[PlyCount "43"]
[EventDate "2018.09.02"]
[EventType "team-tourn"]
[EventRounds "12"]
[EventCountry "GER"]
[SourceTitle "EXT 2022"]
[Source "ChessBase"]
[SourceDate "2021.10.06"]
[SourceVersion "1"]
[SourceVersionDate "2021.10.06"]
[SourceQuality "1"]
[WhiteTeam "Bergische SF"]
[BlackTeam "Rheinpark BSG"]
[WhiteTeamCountry "GER"]
[BlackTeamCountry "GER"]

1. e4 d5 2. exd5 Nf6 3. Bb5+ Bd7 4. Bc4 Bg4 5. f3 Bf5 6. Nc3 Nbd7 7. Qe2 a6 8. g4 Bxc2 9. d3 b5 10. Qxc2 bxc4 11. dxc4 c6 12. dxc6 Nc5 13. Be3 Qd3 14. Qf2 Qxc3+ 15. bxc3 Nd3+ 16. Ke2 Nxf2 17. Kxf2 e5 18. Rb1 Bd6 19. g5 Nh5 20. Ne2 0-0 21. Rhd1 Rad8 22. Bb6 1-0

[Event "Mittelrhein Verbandsliga-N 17/18"]
[Site "Nordrheinwestfalen"]
[Date "2017.10.01"]
[Round "2.7"]
[White "Hanke, Friedhelm"]
[Black "Rosen, Daniel"]
[Result "1/2-1/2"]
[WhiteElo "1722"]
[BlackElo "1779"]
[PlyCount "49"]
[EventDate "2017.09.10"]
[EventType "team-swiss"]
[EventRounds "11"]
[EventCountry "GER"]
[SourceTitle "EXT 2022"]
[Source "ChessBase"]
[SourceDate "2021.10.06"]
[SourceVersion "1"]
[SourceVersionDate "2021.10.06"]
[SourceQuality "1"]
[WhiteTeam "Hitdorf SV Springer"]
[BlackTeam "Rheinpark BSG"]
[WhiteTeamCountry "GER"]
[BlackTeamCountry "GER"]

1. d4 Nf6 2. Nf3 d6 3. e3 g6 4. Bd3 Bg7 5. 0-0 0-0 6. c4 Nc6 7. Nc3 e5 8. d5 Ne7 9. e4 h6 10. h3 Ne8 11. Nh2 f5 12. f4 Nf6 13. g4 exf4 14. exf5 g5 15. Nf3 Nd7 16. Qc2 c5 17. Bd2 Ne5 18. Ne4 b5 19. cxb5 Qb6 20. Bc4 a6 21. f6 Nxf3+ 22. Rxf3 Bxf6 23. Nxf6+ Rxf6 24. Bc3 Rf7 25. bxa6 1/2-1/2

[Event "Mittelrhein Verbandsliga-M 15/16"]
[Site "Nordrheinwestfalen"]
[Date "2016.05.01"]
[Round "11.6"]
[White "Schott, Helmut"]
[Black "Rosen, Daniel"]
[Result "0-1"]
[WhiteElo "1728"]
[BlackElo "1776"]
[PlyCount "74"]
[EventDate "2015.09.06"]
[EventType "team-tourn"]
[EventRounds "11"]
[EventCountry "GER"]
[SourceTitle "EXT 2022"]
[Source "ChessBase"]
[SourceDate "2021.10.06"]
[SourceVersion "1"]
[SourceVersionDate "2021.10.06"]
[SourceQuality "1"]
[WhiteTeam "Dormagen SV"]
[BlackTeam "Rheinpark BSG"]
[WhiteTeamCountry "GER"]
[BlackTeamCountry "GER"]

1. e4 d5 2. exd5 Nf6 3. Bb5+ Bd7 4. Bxd7+ Qxd7 5. c4 c6 6. dxc6 Nxc6 7. Nf3 0-0-0 8. 0-0 e5 9. Nc3 Qf5 10. Ne1 e4 11. Nc2 Bd6 12. Ne3 Qe5 13. g3 g5 14. Ng4 Nxg4 15. Qxg4+ f5 16. Qxg5 Rdg8 17. Qh5 Nd4 18. Ne2 Nf3+ 19. Kh1 Rg5 20. Qh3 Qe8 21. Qg2 Rh5 22. h3 Rg8 23. Ng1 Ne5 24. Ne2 Nd3 25. f4 Rh6 26. Kh2 Re6 27. b3 Qf7 28. a4 h5 29. h4 Rg4 30. Qh3 Bc5 31. Ba3 Nf2 32. Rxf2 Bxf2 33. Bb2 Qg6 34. Bd4 Bxg3+ 35. Nxg3 Rxg3 36. Qf1 Qg4 37. Bf6 Rg2+ 0-1

[Event "Mittelrhein Verbandsliga-M 15/16"]
[Site "Nordrheinwestfalen"]
[Date "2015.10.18"]
[Round "3.7"]
[White "Rosen, Daniel"]
[Black "Deutsch, Matthias"]
[Result "1/2-1/2"]
[WhiteElo "1772"]
[BlackElo "1591"]
[PlyCount "72"]
[EventDate "2015.09.06"]
[EventType "team-tourn"]
[EventRounds "11"]
[EventCountry "GER"]
[SourceTitle "EXT 2022"]
[Source "ChessBase"]
[SourceDate "2021.10.06"]
[SourceVersion "1"]
[SourceVersionDate "2021.10.06"]
[SourceQuality "1"]
[WhiteTeam "Rheinpark BSG"]
[BlackTeam "Gruenfeld"]
[WhiteTeamCountry "GER"]
[BlackTeamCountry "GER"]

1. Nf3 d5 2. d3 Nf6 3. g3 Nc6 4. Nbd2 e5 5. e4 dxe4 6. dxe4 Bd6 7. Bg2 0-0 8. 0-0 Bg4 9. c3 Qc8 10. Re1 Rd8 11. Qc2 Bh3 12. Bh1 h6 13. Nc4 Qe6 14. Ne3 Bc5 15. b4 Bb6 16. a4 a6 17. Bd2 Rd7 18. Rad1 Rad8 19. Nh4 Ne7 20. Bc1 Ng4 21. Rxd7 Rxd7 22. Nxg4 Bxg4 23. Ng2 Bf3 24. Be3 Qd6 25. Bxb6 cxb6 26. Ne3 Bxh1 27. Kxh1 Qd3 28. Qxd3 Rxd3 29. Rd1 Rxd1+ 30. Nxd1 f5 31. exf5 Nxf5 32. g4 Nd6 33. Kg2 Kf7 34. f3 Ke6 35. Ne3 g5 36. h4 b5 1/2-1/2